| 000 | 00449cam a22001337a 4500 | ||
|---|---|---|---|
| 008 | 180718b1996 xxu||||| |||| 00| 0 eng d | ||
| 082 | _aAPPPA 95-96 ARO | ||
| 100 | _aArora, I.B. | ||
| 245 |
_aEffectiveness of office council of armed forces headquarters and inter-service organisations _cby I.B. Arora |
||
| 260 |
_aNew Delhi _bIndian Institute of Public Administration _c1996 |
||
| 300 | _a156p. | ||
| 650 | _aAPPPA | ||
| 650 | _aIndia - Armed Forces | ||
| 999 |
_c481469 _d481469 |
||